Draft renewable energy policy guidance (Record no. 74161)
[ view plain ]
| 000 -LEADER | |
|---|---|
| fixed length control field | 01430cab a2200241 4500 |
| 001 - CONTROL NUMBER | |
| control field | ABS67538 |
| 008 - FIXED-LENGTH DATA ELEMENTS--GENERAL INFORMATION | |
| fixed length control field | 040219n2004 000 0 eng u |
| 035 ## - SYSTEM CONTROL NUMBER | |
| System control number | (Sirsi) u125201 |
| 100 ## - MAIN ENTRY--PERSONAL NAME | |
| Personal name | Winkley, R. |
| 245 ## - TITLE STATEMENT | |
| Title | Draft renewable energy policy guidance |
| 260 ## - PUBLICATION, DISTRIBUTION, ETC. | |
| Date of publication, distribution, etc. | 2004 |
| 490 ## - SERIES STATEMENT | |
| Series statement | Planning (for the Natural and Built Environment) |
| Volume/sequential designation | (1554) 30 January 2004, 15-18(3) |
| 520 ## - SUMMARY, ETC. | |
| Summary, etc. | A series of three articles looking at draft Policy Planning Statement 22: "Renewable energy" (PPS22). "Winning over the detractors" reveals that there has been a favourable response to the draft guidance from the renewable energy community. "Sea change for renewable" outlines major implications for developers, council and local communities if the draft guidance is implemented. Diagram shows how renewable energy supports other planning objectives such as affordable housing, rural diversification contaminated land, woodland management and urban regeneration. "Widening scope for change" explains shows how the draft PPS22 fits in with the long term vision of energy policy for the UK set out in the Energy White Paper "Our energy future-creating a local carbon economy". |
| 590 ## - LOCAL NOTE (RLIN) | |
| Local note | ABS |
| 650 ## - SUBJECT ADDED ENTRY--TOPICAL TERM | |
| Topical term or geographic name entry element | PLANNING |
| 650 ## - SUBJECT ADDED ENTRY--TOPICAL TERM | |
| Topical term or geographic name entry element | PLANNING POLICY STATEMENT 22 |
| 650 ## - SUBJECT ADDED ENTRY--TOPICAL TERM | |
| Topical term or geographic name entry element | RENEWABLE ENERGY SOURCES |
| 650 ## - SUBJECT ADDED ENTRY--TOPICAL TERM | |
| Topical term or geographic name entry element | PLANNING GUIDANCE |
| 650 ## - SUBJECT ADDED ENTRY--TOPICAL TERM | |
| Topical term or geographic name entry element | ENERGY WHITE PAPER |
| 700 ## - ADDED ENTRY--PERSONAL NAME | |
| Personal name | Cradick, K. |
| 700 ## - ADDED ENTRY--PERSONAL NAME | |
| Personal name | Asquith, R. |
| 942 ## - ADDED ENTRY ELEMENTS (KOHA) | |
| Suppress in OPAC | 0 |
| Withdrawn status | Lost status | Source of classification or shelving scheme | Damaged status | Not for loan | Home library | Current library | Shelving location | Date acquired | Total Checkouts | Full call number | Barcode | Date last seen | Copy number | Price effective from | Koha item type |
|---|---|---|---|---|---|---|---|---|---|---|---|---|---|---|---|
| Dewey Decimal Classification | London | London | Journal article | 19/02/2004 | ABS67538 | 125201-1001 | 06/08/2019 | 1 | 06/08/2019 | Journal article |